|
|
|
|
| LEADER |
00000nam0a2200000 4500 |
| 001 |
15298 |
| 005 |
20231101205015.0 |
| 010 |
|
|
|a 502013399X
|
| 035 |
|
|
|a (RuTPU)RU\TPU\book\15405
|
| 035 |
|
|
|a BOOK00015474
|
| 090 |
|
|
|a 15298
|
| 100 |
|
|
|a 20011209d1991 k y0rusy50 ca
|
| 101 |
1 |
|
|a rus
|c fre
|
| 102 |
|
|
|a RU
|
| 105 |
|
|
|a y z 000zb
|
| 200 |
1 |
|
|a О разделении общественного труда. Метод социологии
|e пер. с фр.
|f Э. Дюркгейм
|
| 210 |
|
|
|a Москва
|c Наука
|d 1991
|
| 215 |
|
|
|a 575 с.
|
| 225 |
1 |
|
|a Социологическое наследие
|
| 600 |
|
1 |
|a Дюркгейм
|b Э.
|f 1858 - 1917
|g Эмиль
|c основатель французской социологической школы
|2 stltpush
|3 (RuTPU)RU\TPU\pers\5942
|
| 606 |
1 |
|
|a Социологические исследования
|x Методология
|2 stltpush
|3 (RuTPU)RU\TPU\subj\37911
|9 58673
|
| 610 |
1 |
|
|a социология
|
| 610 |
1 |
|
|a французская социология
|
| 610 |
1 |
|
|a 19 век
|
| 610 |
1 |
|
|a 20 век
|
| 610 |
1 |
|
|a труд
|
| 610 |
1 |
|
|a общественный труд
|
| 686 |
|
|
|a С5в08(4Фр)
|v LBC/SL-A
|2 rubbk
|
| 700 |
|
1 |
|a Дюркгейм
|b Э.
|c основатель французской социологической школы
|f 1858 - 1917
|g Эмиль
|2 stltpush
|3 (RuTPU)RU\TPU\pers\5942
|9 1160
|
| 801 |
|
0 |
|a RU
|b 63413507
|c 20011209
|g PSBO
|
| 801 |
|
2 |
|a RU
|b 63413507
|c 20140418
|g PSBO
|
| 942 |
|
|
|c BK
|